| 000 | 01135cam a2200325 i 4500 | ||
|---|---|---|---|
| 001 | 192116 | ||
| 003 | SpMaBN | ||
| 005 | 20250728114758.0 | ||
| 008 | 221104s2000 sp | ||| ||spa | ||
| 016 | 7 |
_abimoBNE20010903989 [ _2SpMaBN] |
|
| 017 |
_aM 2704-2000 _bOficina Depósito Legal Madrid |
||
| 020 | _a8479232234 | ||
| 035 | _a(OCoLC)733578181 | ||
| 040 |
_aSpMaBN _bspa _cSpMaBN _erdc |
||
| 080 | _a298 | ||
| 100 | 1 |
_aDíez de Velasco, Francisco, _d1960- _eaut _9174249 |
|
| 245 | 1 | 4 |
_aLas nuevas religiones / _cFrancisco Díez de Velasco. |
| 250 | _aPrimera edición 2000 | ||
| 260 |
_aMadrid : _bEdiciones del Orto, _c2000. |
||
| 300 |
_a95 páginas ; _c27 cm. |
||
| 490 | 1 |
_aBiblioteca de las religiones; _v5 |
|
| 504 | _aBibliografía: páginas 92-95. | ||
| 650 | 0 | 7 |
_aSectas. _917000 |
| 830 | 0 |
_aBiblioteca de las religiones _v5 _9234948 |
|
| 852 | 4 |
_aES-MaACL _jN-8106 _bR. 153088 _cDEPOJ _hDonación: Francisco Díez de Velasco _9199398 |
|
| 903 |
_aDíez de Velasco, Francisco, _d1960- _ednr _9174249 |
||
| 942 |
_cMONOGRAFIA _n0 |
||
| 999 |
_c192116 _d192116 |
||